| 000 | 02408nam0a2200409 4500 | ||
|---|---|---|---|
| 001 | RU\NLR\bibl\1521572 | ||
| 005 | 20260524030643.0 | ||
| 010 |
_a978-5-02-025417-6 _91000 |
||
| 021 |
_aRU _b2010-35268 _92360 |
||
| 035 | _a(NLR Aleph) 001512932 | ||
| 090 |
_a92026 _c92026 |
||
| 100 | _a20100609d2010 u y0rusy50 ca | ||
| 101 | 1 |
_arus _asan _ctib |
|
| 102 | _aRU | ||
| 105 | _aa ||||||||| | ||
| 181 | 0 |
_ai _baxxe |
|
| 182 | 0 | _an | |
| 200 | 1 |
_aУкрашение из постижений _e[сборник _fРос. акад. наук, Ин-т вост. рукоп.] _gпер. с тиб., предисл., введ. и коммент. Р. Н. Крапивиной _hI-III главы _iИзучение пути махаяны в Гоман-дацане тибетского монастыря Дрэпун |
|
| 203 |
_aТекст _bвизуальный _cнепосредственный |
||
| 210 |
_aСанкт-Петербург _cНаука _d2010 |
||
| 215 |
_a737, [1] с., [1] л. портр. _d21 |
||
| 300 | _aЗагл. также на санскрите и в латин. транслитерации | ||
| 327 | 1 | _aКн. содержит курс лекций соврем. тибет. ученого геше Чжамьян Кенцзэ (1927-2006) по первым трем гл. "Украшения из постижений", репр. тибет. текста этих гл. и их пер. на рус. яз., сопровождаемый коммент., извлеч. из авторитет. коммент. Харибхадры (VIII в.) | |
| 606 | 1 |
_aБуддизм _yТибет, район (Центральная Азия) _91194649 _3RU\NLR\auth\66164803 |
|
| 686 | _aЭ355,0 | ||
| 702 | 1 |
_4570 _8rus _7ca _aЧжамьян Кенцзэ _f1927-2006 _3RU\NLR\AUTH\7731614 _914624 |
|
| 702 | 0 |
_4570 _8rus _7ca _aХарибхадра _cфилософ _f8 в. _3RU\NLR\auth\7793435 _976361 |
|
| 702 | 1 |
_4730 _8rus _7ca _aКрапивина _bР. Н. _cканд. ист. наук _gРаиса Николаевна _3RU\NLR\auth\7731610 _914620 |
|
| 712 | 0 | 2 |
_4570 _aИнститут восточных рукописей _cСанкт-Петербург _3RU\NLR\AUTH\8810128370 _9753778 |
| 801 | 0 |
_aRU _bNLR _c20100609 _gRCR |
|
| 801 | 1 |
_aRU _bNLR _c20100609 |
|
| 852 |
_aNLR _jОЛСАА |
||
| 942 | _cBOOK | ||
| 980 | _aNB | ||